[Event "The Sixth Jerusalem Open"]
[Site "SchemingMind.com"]
[Date "2013.11.25"]
[Round "-"]
[White "NYNH"]
[Black "reptile"]
[Result "0-1"]
[WhiteCountry "USA"]
[BlackCountry "ISR"]
[WhiteElo "1940"]
[WhiteRD "70"]
[BlackElo "2137"]
[BlackRD "98"]
[GameID "342469"]

1. d4 Nf6 2. c4 e6 3. g3 d5 4. Nf3 Bb4+ 5. Bd2 Be7 6. Bg2 O-O 7. O-O c6 8. Qc2 Nbd7 9. Bf4 b6 10. Rd1 Bb7
11. Nc3 Rc8 12. Ne5 c5 13. cxd5 exd5 14. dxc5 Nxc5 15. Nb5 Nce4 16. Qa4 Bc5 17. Nd3 a6 18. Nc3 Nxc3 19. bxc3 Re8 20. Nxc5 Rxc5
21. Bg5 Rxe2 22. Re1 Rxe1+ 23. Rxe1 h6 24. Bf4 Rxc3 25. Qb4 Rc4 26. Qb3 Ne4 27. Rd1 Qf6 28. Be3 b5 29. Qb1 Nc3 30. Qa1 Nxd1
31. Qxd1 Qf5 32. Bd4 Qc2 33. Qg4 Qg6 34. Qd1 a5 35. Bf1 Rb4 36. Bc3 Rb1 37. Qd4 b4 38. Bb2 Ba6
0-1

[Event "The Sixth Jerusalem Open"]
[Site "SchemingMind.com"]
[Date "2013.11.25"]
[Round "-"]
[White "NYNH"]
[Black "brankat"]
[Result "1-0"]
[WhiteCountry "USA"]
[BlackCountry "CAN"]
[WhiteElo "2032"]
[WhiteRD "74"]
[BlackElo "2059"]
[BlackRD "102"]
[GameID "342470"]

1. d4 Nf6 2. c4 e6 3. g3 c5 4. d5 exd5 5. cxd5 d6 6. Nc3 g6 7. Bg2 Bg7 8. Nf3 O-O 9. O-O Re8 10. Nd2 Nbd7
11. h3 a6 12. a4 Rb8 13. Nc4 Ne5 14. Na3 Nh5 15. e4 Bd7 16. a5 Qxa5 17. g4 Nf6 18. f4 Nc4 19. Nxc4 Qxa1 20. e5 dxe5
21. fxe5 Nxg4 22. hxg4 Bb5 23. Nxb5 axb5 24. Nd6 Rxe5 25. Nxf7 Re7 26. d6 Rxf7 27. Bd5 Bd4+ 28. Kh1 Kh8 29. Rxf7 Be3 30. Rf1 Bxc1
31. Qxc1 Qxc1 32. Rxc1 c4 33. Re1 Rd8 34. Re6 Kg7 35. Bxb7 Kf7 36. Bd5 g5 37. Kg2 Kg7 38. Re7+ Kf8 39. Rf7+ Ke8 40. Rf6 Kd7
41. Be4 Rh8 42. Bf5+ Kc6 43. d7+ Kc7 44. Rf7 h6 45. Re7
1-0

[Event "The Sixth Jerusalem Open"]
[Site "SchemingMind.com"]
[Date "2013.11.26"]
[Round "-"]
[White "NYNH"]
[Black "black cloud"]
[Result "0-1"]
[WhiteCountry "USA"]
[BlackCountry "ENG"]
[WhiteElo "1940"]
[WhiteRD "70"]
[BlackElo "1999"]
[BlackRD "99"]
[GameID "342471"]

1. d4 d5 2. Nf3 Nf6 3. c4 e6 4. g3 dxc4 5. Bg2 Bb4+ 6. Bd2 a5 7. O-O O-O 8. Bg5 Nc6 9. e3 h6 10. Bxf6 Qxf6
11. Qc2 e5 12. d5 Ne7 13. Qxc4 c6 14. e4 Bg4 15. Nbd2 Rfc8 16. dxc6 Nxc6 17. Rac1 Bxd2 18. Nxd2 Nd4 19. Qd5 Ne2+ 20. Kh1 Nxc1
21. f3 Be6 22. Qb5 Nxa2 23. f4 exf4 24. gxf4 Qd4 25. Nf3 Qb4 26. Qh5 Qxb2 27. f5 Bc4 28. Rd1 Be2 29. Rd7 Rc1+
0-1

[Event "The Sixth Jerusalem Open"]
[Site "SchemingMind.com"]
[Date "2013.11.25"]
[Round "-"]
[White "NYNH"]
[Black "fanfan_la_Tulipe"]
[Result "0-1"]
[WhiteCountry "USA"]
[BlackCountry "AUT"]
[WhiteElo "1989"]
[WhiteRD "71"]
[BlackElo "1957"]
[BlackRD "72"]
[GameID "342472"]

1. d4 Nf6 2. c4 g6 3. g3 Bg7 4. Bg2 O-O 5. Nc3 d6 6. Nf3 c6 7. O-O Qa5 8. e4 e5 9. h3 Nbd7 10. Re1 Re8
11. d5 cxd5 12. cxd5 b5 13. a3 b4 14. Na4 bxa3 15. Rxa3 Qd8 16. Be3 Nxe4 17. Qc2 f5 18. Rea1 Bb7 19. Qb3 Qb8 20. Nc3 Ndc5
21. Qa2 a6 22. b4 Nxc3 23. Rxc3 Ne4 24. Ra3 Rc8 25. Ng5 Nxg5 26. Bxg5 e4 27. Rd1 Qc7 28. Rc1 Qb6 29. Rxc8+ Rxc8 30. Bf1 Rc3
31. Ra4 Rxg3+ 32. Kh1 Rxg5 33. Bxa6 Bxa6 34. Rxa6 Qxb4 35. Ra8+ Bf8 36. Qa1 Qd2 37. Rxf8+ Kxf8 38. Qf6+ Ke8 39. Qe6+ Kd8 40. Qxd6+ Ke8
41. Qe6+ Kf8 42. Qf6+ Kg8 43. Qe6+ Kg7 44. Qe7+ Kh6 45. Qf8+ Kh5 46. h4 Qe1+
0-1

[Event "The Sixth Jerusalem Open"]
[Site "SchemingMind.com"]
[Date "2013.11.25"]
[Round "-"]
[White "NYNH"]
[Black "MKruger"]
[Result "0-1"]
[WhiteCountry "USA"]
[BlackCountry "GER"]
[WhiteElo "1989"]
[WhiteRD "71"]
[BlackElo "2447"]
[BlackRD "67"]
[GameID "342473"]

1. d4 Nf6 2. c4 g6 3. g3 Bg7 4. Bg2 O-O 5. Nc3 d6 6. Nf3 Nc6 7. O-O a6 8. Qd3 e5 9. dxe5 dxe5 10. Qxd8 Rxd8
11. Bg5 Re8 12. Rfd1 h6 13. Bxf6 Bxf6 14. Nd2 Nd4 15. c5 Bg7 16. Nd5 Rb8 17. Nxc7 Rd8 18. e3 Bg4 19. exd4 Bxd1 20. Rxd1 Rxd4
21. Kf1 Rc8 22. Nd5 Rxc5 23. Nc3 Rc7 24. Ke1 f5 25. Nb3 Rxd1+ 26. Kxd1 e4 27. Kd2 Rd7+ 28. Kc2 b5 29. a3 Kf7 30. Nc5 Rd6
31. Bf1 Bd4 32. Nxa6 Rxa6 33. Bxb5 Ra5 34. a4 Bxf2 35. b4 Ra7 36. Bc4+ Kf6 37. a5 Ke5 38. Nb5 Rd7 39. a6 g5 40. Nc3 f4
41. b5 f3 42. Na4 e3 43. b6 e2 44. a7 Rd8 45. b7 Bxa7
0-1

[Event "The Sixth Jerusalem Open"]
[Site "SchemingMind.com"]
[Date "2013.11.24"]
[Round "-"]
[White "NYNH"]
[Black "Arcenio Acacio"]
[Result "1-0"]
[WhiteCountry "USA"]
[BlackCountry "VEN"]
[WhiteElo "1993"]
[WhiteRD "71"]
[BlackElo "1760"]
[BlackRD "91"]
[GameID "342474"]

1. d4 d5 2. Nf3 Nf6 3. c4 e6 4. g3 c6 5. Bg2 Be7 6. O-O O-O 7. Qc2 dxc4 8. Qxc4 b6 9. Nc3 Ba6 10. Qa4 b5
11. Qc2 Nbd7 12. Rd1 b4 13. Na4 Bb5 14. Nc5 Bxc5 15. dxc5 Qc7 16. Bf4 Qb7 17. Bd6 Rfe8 18. Nd4 a5 19. Nxb5 Qxb5 20. a3 b3
21. Qd2 a4 22. Rac1 Nf8 23. Qd4 Rec8 24. Rc4 Ng6 25. e3 Ra7 26. Rb4 Qe2 27. Bf1 Qf3 28. h3 Ne4 29. Qxe4 Qxd1 30. Rxa4 Rxa4
31. Qxa4 h5 32. Qa6 h4 33. Qxc8+ Kh7 34. Qxc6 Qc1 35. Qe4 Qxb2 36. c6 Qc2 37. Bd3 Qd1+ 38. Kg2 b2 39. Qxh4+ Kg8 40. Bxg6 fxg6
41. c7 Qc2 42. Qd8+ Kh7 43. c8=Q
1-0

[Event "The Sixth Jerusalem Open"]
[Site "SchemingMind.com"]
[Date "2013.11.25"]
[Round "-"]
[White "reptile"]
[Black "NYNH"]
[Result "1/2-1/2"]
[WhiteCountry "ISR"]
[BlackCountry "USA"]
[WhiteElo "2137"]
[WhiteRD "98"]
[BlackElo "1940"]
[BlackRD "70"]
[GameID "342475"]

1. d4 Nf6 2. c4 e6 3. Nc3 Bb4 4. e3 O-O 5. Bd3 c5 6. Nf3 Nc6 7. O-O d5 8. a3 Bxc3 9. bxc3 Qc7 10. Bb2 Re8
11. h3 Na5 12. cxd5 exd5 13. Rc1 c4 14. Bc2 Ne4 15. Ne5 g6 16. Rb1 f6 17. Bxe4 dxe4 18. Ng4 Bxg4 19. Qxg4 f5 20. Qg5 Nb3
21. Rfd1 b5 22. h4 Qe7 23. Qf4= a5 24. h5 a4 25. Kf1 Ra6 26. Ke2 Qd6 27. Qxd6 Rxd6 28. hxg6 hxg6 29. g4 Kg7 30. Rh1 Rh8
31. Rxh8 Kxh8 32. Rg1 Kh7 33. Bc1 Kh6 34. Bd2 Rd7 35. gxf5 gxf5 36. Rg8 Rb7 37. Kd1 Kh7 38. Rg5 Rf7=
1/2-1/2

[Event "The Sixth Jerusalem Open"]
[Site "SchemingMind.com"]
[Date "2013.11.25"]
[Round "-"]
[White "brankat"]
[Black "NYNH"]
[Result "1-0"]
[WhiteCountry "CAN"]
[BlackCountry "USA"]
[WhiteElo "2083"]
[WhiteRD "98"]
[BlackElo "2025"]
[BlackRD "78"]
[GameID "342476"]

1. e4 c5 2. Nf3 d6 3. d4 cxd4 4. Nxd4 Nf6 5. Nc3 g6 6. Be3 Bg7 7. f3 Nc6 8. Qd2 Bd7 9. Bc4 O-O 10. O-O-O Rb8
11. g4 b5 12. Bb3 Na5 13. g5 Nh5 14. Nd5 Nxb3+ 15. Nxb3 Be6 16. Bxa7 Ra8 17. Bb6 Qd7 18. Kb1 Rfb8 19. Bd4 Qb7 20. Bxg7 Nxg7
21. h4 Nh5 22. c3 Qa7 23. a3 Qa4 24. Nxe7+ Kf8 25. Nxg6+ hxg6 26. Qxd6+ Kg8 27. Nc5 Qc4 28. Nxe6 Qxe6 29. Qxe6 fxe6 30. Rd6 Nf4
31. Rhd1 Ra7 32. e5 Rc7 33. Kc2 Nd5 34. R1xd5 exd5 35. Rxg6+ Kf7 36. Rf6+ Ke7 37. Kd3 Rh8 38. g6 Ke8 39. Re6+ Re7 40. Rb6 Rxh4
41. Rb8+ Kd7 42. g7 Rxg7 43. Rb7+ Ke6 44. Rxg7 Kxe5 45. Rb7 Rh3 46. Ke3 Rh2 47. Rxb5 Rh1 48. c4 Re1+ 49. Kf2
1-0

[Event "The Sixth Jerusalem Open"]
[Site "SchemingMind.com"]
[Date "2013.11.26"]
[Round "-"]
[White "black cloud"]
[Black "NYNH"]
[Result "0-1"]
[WhiteCountry "ENG"]
[BlackCountry "USA"]
[WhiteElo "1922"]
[WhiteRD "94"]
[BlackElo "1989"]
[BlackRD "71"]
[GameID "342477"]

1. Nf3 c5 2. g3 Nf6 3. Bg2 g6 4. O-O Bg7 5. Re1 O-O 6. e4 Nc6 7. d3 d6 8. Nbd2 Rb8 9. a4 a6 10. c3 b5
11. axb5 axb5 12. Nf1 b4 13. d4 bxc3 14. bxc3 Bd7 15. Bg5 Qc7 16. Qd2 Na5 17. e5 Nd5 18. Qa2 Nb3 19. exd6 exd6 20. Ne3 Nxe3
21. Bxe3 Nxa1 22. Qxa1 cxd4 23. cxd4 Ra8 24. Qb2 Rfb8 25. Qd2 Qa5 26. Qxa5 Rxa5 27. Bf4 Ra6 28. Bf1 Rab6 29. Bg2 Rc8 30. h3 Bf6
31. Be3 Rc2 32. Rf1 Kg7 33. Kh2 Rbb2 34. Kg1 h6 35. h4 Bg4 36. Kh2 Rb3 37. Kg1 Rbb2 38. Kh2 Re2 39. Kg1 Kh7 40. Nh2 Bd7
41. Bf3 Rec2 42. Ng4 Bg7 43. Nh2 Bc6 44. Bxc6 Rxc6 45. Nf3 Rcc2 46. Ne1 Rc4 47. Nd3 Rb3 48. Ne1 Bxd4
0-1

[Event "The Sixth Jerusalem Open"]
[Site "SchemingMind.com"]
[Date "2013.11.24"]
[Round "-"]
[White "fanfan_la_Tulipe"]
[Black "NYNH"]
[Result "1/2-1/2"]
[WhiteCountry "AUT"]
[BlackCountry "USA"]
[WhiteElo "1957"]
[WhiteRD "71"]
[BlackElo "1992"]
[BlackRD "70"]
[GameID "342478"]

1. Nf3 Nf6 2. c4 d5 3. g3 Nc6 4. Bg2 e5 5. cxd5 Nxd5 6. O-O Be7 7. Nc3 Nb6 8. d3 O-O 9. a4 a5 10. Be3 Be6
11. Ne4 Nd5 12. Bc5 Ndb4 13. Qd2 Nd4 14. Nxd4 exd4 15. Rac1 b6 16. Bxe7 Qxe7 17. Qf4 Nd5 18. Qd2 Rac8 19. Ng5 h6 20. Nxe6 Qxe6
21. Bxd5 Qxd5 22. e4 dxe3 23. fxe3 Rfd8 24. Rc3 c5 25. Qg2 Qxg2+ 26. Kxg2 Re8 27. Kf3 Rc6 28. Rd1 Rf6+ 29. Ke2 Rfe6 30. d4 cxd4
31. Rxd4 Re4 32. Rcd3 f5 33. Kf3 Kf7 34. b3 R8e7=
1/2-1/2

[Event "The Sixth Jerusalem Open"]
[Site "SchemingMind.com"]
[Date "2013.11.25"]
[Round "-"]
[White "MKruger"]
[Black "NYNH"]
[Result "1-0"]
[WhiteCountry "GER"]
[BlackCountry "USA"]
[WhiteElo "2354"]
[WhiteRD "65"]
[BlackElo "1993"]
[BlackRD "71"]
[GameID "342479"]

1. d4 Nf6 2. c4 e6 3. g3 Bb4+ 4. Bd2 Qe7 5. Nf3 Nc6 6. Nc3 O-O 7. Bg2 d6 8. d5 Ne5 9. Nxe5 dxe5 10. a3 Bxc3
11. Bxc3 exd5 12. cxd5 Bf5 13. Bb4 Qd7 14. Bxf8 Kxf8 15. Qb3 b6 16. Rc1 Rd8 17. O-O e4 18. Qc4 Qxd5 19. Qxd5 Nxd5 20. Rfd1 Ke7
21. f3 exf3 22. Bxf3 Be6 23. Bxd5 Bxd5 24. Rxc7+ Ke8 25. e4 Be6 26. Rxd8+ Kxd8 27. Rxa7
1-0

[Event "The Sixth Jerusalem Open"]
[Site "SchemingMind.com"]
[Date "2013.11.24"]
[Round "-"]
[White "Arcenio Acacio"]
[Black "NYNH"]
[Result "0-1"]
[WhiteCountry "VEN"]
[BlackCountry "USA"]
[WhiteElo "1760"]
[WhiteRD "91"]
[BlackElo "1993"]
[BlackRD "71"]
[GameID "342480"]

1. e4 c5 2. Nc3 d6 3. f4 g6 4. Nf3 Bg7 5. Be2 Nc6 6. O-O e6 7. Kh1 Nge7 8. d3 Rb8 9. e5 dxe5 10. fxe5 Nxe5
11. Bf4 N7c6 12. Qe1 Nxf3 13. Bxf3 Ra8 14. Nb5 O-O 15. Qd2 e5 16. Bh6 Nd4 17. Nxd4 cxd4 18. Bxg7 Kxg7 19. Rf2 Be6 20. Bxb7 Rb8
21. Bc6 Rxb2 22. Ba4 Rxa2 23. Rxa2 Bxa2 24. Bb3 Bxb3 25. cxb3 Qb6 26. Qa2 a5 27. h3 Qb5 28. Rf3 f6 29. Qa3 Qb4 30. Qa2 Rb8
31. Kh2 Rb5 32. Qc2 Qxb3 33. Qc7+ Qf7 34. Qc6 Rb3 35. Qa4 Qb7 36. Qe8 Rb2 37. Rg3 Rb4 38. h4 Qf7 39. Qc6 a4 40. h5 a3
41. hxg6 hxg6 42. Rh3 Rb8 43. Qa6 a2 44. Rf3 Rb7 45. Rxf6 Qxf6 46. Qxb7+ Kh6 47. Qa7 Qh4+
0-1

[Event "The Sixth Jerusalem Open"]
[Site "SchemingMind.com"]
[Date "2013.11.25"]
[Round "-"]
[White "clario"]
[Black "reptile"]
[Result "1-0"]
[WhiteCountry "RSA"]
[BlackCountry "ISR"]
[WhiteElo "1943"]
[WhiteRD "86"]
[BlackElo "2059"]
[BlackRD "108"]
[GameID "342539"]

1. d4 Nf6 2. c4 e5 3. dxe5 Ng4 4. Bf4 Nc6 5. Nf3 Bb4+ 6. Nc3 Qe7 7. Qd5 f6 8. exf6 Nxf6 9. Qg5 d6 10. Bd2 O-O
11. e3 Bg4 12. Be2 Rae8 13. Qh4 Ne5 14. a3 Bc5 15. O-O Qd7 16. Nxe5 dxe5 17. Bxg4 Nxg4 18. Rad1 e4 19. h3 Nf6 20. Nb5 Qf7
21. Qg5 b6 22. Bc3 a6 23. b4 axb5 24. bxc5 h6 25. Qg3 Qxc4 26. Rc1 Qd5 27. Bd4 Rf7 28. cxb6 cxb6 29. Bxb6 Qd3 30. Bc5 Kh7
31. Kh2 Rd8 32. Qf4 Qb3 33. Qf5+ Kg8 34. Kg1 Qd5 35. Qg6 Qb7 36. Rfd1 Rxd1+ 37. Rxd1 Rd7 38. Rd6 Rxd6 39. Bxd6 Qd7 40. Be5 Qf7
41. Qg3 Kh7 42. Qf4 Qe6 43. g4 Kg6 44. Kg2 Kf7 45. Bxf6 Qxf6 46. Kg3 g5 47. Qxe4 Qd6+ 48. Kg2 Qxa3 49. Qd5+ Kg7 50. Qxb5 Qa8+
51. Kh2 Kf6 52. Qf5+ Kg7 53. h4 Qb8+ 54. Kh3 gxh4 55. Qd7+ Kg6 56. f4 Qa8 57. f5+ Kf6 58. Qe6+
1-0

[Event "The Sixth Jerusalem Open"]
[Site "SchemingMind.com"]
[Date "2013.11.25"]
[Round "-"]
[White "clario"]
[Black "brankat"]
[Result "1-0"]
[WhiteCountry "RSA"]
[BlackCountry "CAN"]
[WhiteElo "1923"]
[WhiteRD "73"]
[BlackElo "2059"]
[BlackRD "102"]
[GameID "342540"]

1. d4 Nf6 2. c4 e6 3. Nc3 d5 4. Nf3 c6 5. e3 Nbd7 6. Bd3 dxc4 7. Bxc4 b5 8. Bd3 Bb7 9. O-O a6 10. e4 c5
11. d5 c4 12. Bc2 Bb4 13. Re1 O-O 14. dxe6 fxe6 15. e5 Bxf3 16. Qxf3 Ne8 17. Qh3 g6 18. Qxe6+ Rf7 19. Qh3 Bc5 20. Ne4 Qb6
21. e6 Bxf2+ 22. Kh1 Rf8 23. Re2 Bc5 24. Bh6 Nb8 25. Bxf8 Bxf8 26. Ng5
1-0

[Event "The Sixth Jerusalem Open"]
[Site "SchemingMind.com"]
[Date "2013.11.26"]
[Round "-"]
[White "clario"]
[Black "black cloud"]
[Result "1-0"]
[WhiteCountry "RSA"]
[BlackCountry "ENG"]
[WhiteElo "2084"]
[WhiteRD "92"]
[BlackElo "1957"]
[BlackRD "94"]
[GameID "342541"]

1. d4 d5 2. c4 e6 3. Nc3 Nf6 4. Nf3 Be7 5. e3 O-O 6. cxd5 exd5 7. Bd3 Nbd7 8. O-O Re8 9. Bd2 a5 10. Qc2 c6
11. Rae1 Nf8 12. Ne5 Be6 13. f4 c5 14. Bb5 Bd7 15. Nxd7 N8xd7 16. Qf5 c4 17. Nxd5 Nxd5 18. Bxd7
1-0

[Event "The Sixth Jerusalem Open"]
[Site "SchemingMind.com"]
[Date "2013.11.24"]
[Round "-"]
[White "clario"]
[Black "NYNH"]
[Result "1-0"]
[WhiteCountry "RSA"]
[BlackCountry "USA"]
[WhiteElo "2084"]
[WhiteRD "92"]
[BlackElo "1992"]
[BlackRD "70"]
[GameID "342542"]

1. d4 Nf6 2. c4 e6 3. Nc3 Bb4 4. Qc2 O-O 5. a3 Bxc3+ 6. Qxc3 b6 7. Nf3 Bb7 8. Bf4 d6 9. e3 Nbd7 10. O-O-O Rc8
11. Bd3 Qe7 12. Bg5 h6 13. Bh4 e5 14. Bf5 Rfd8 15. dxe5 dxe5 16. Bxf6 gxf6 17. e4 Rb8 18. Qe3 Kg7 19. Bxd7 Rxd7 20. Rxd7 Qxd7
21. Nh4 Rh8 22. Nf5+ Kf8 23. Rd1 Qc8 24. a4 a5 25. Qa3+ c5 26. Qd3 Bc6 27. Qd6+
1-0

[Event "The Sixth Jerusalem Open"]
[Site "SchemingMind.com"]
[Date "2013.11.24"]
[Round "-"]
[White "clario"]
[Black "fanfan_la_Tulipe"]
[Result "1-0"]
[WhiteCountry "RSA"]
[BlackCountry "AUT"]
[WhiteElo "1923"]
[WhiteRD "73"]
[BlackElo "1962"]
[BlackRD "74"]
[GameID "342543"]

1. d4 Nf6 2. c4 g6 3. Nc3 Bg7 4. e4 d6 5. Nf3 O-O 6. Be2 Na6 7. O-O e5 8. dxe5 dxe5 9. Be3 c6 10. Qxd8 Rxd8
11. Rfd1 Re8 12. h3 Nh5 13. c5 Nf4 14. Bxa6 bxa6 15. Rd6 Rb8 16. b3 Bb7 17. Rad1 Ne6 18. Na4 Rbd8 19. Ng5 Nd4 20. f4 h6
21. fxe5 Bxe5 22. Bxd4 Bxd6 23. cxd6 Rxd6 24. Nc5 Bc8 25. Nf3 f6 26. Kf2 Kf7 27. Ke3 h5 28. Nd2 f5 29. Nc4 Rdd8 30. e5 Rd5
31. h4 Re7 32. Nd3 Bb7 33. Nf4
1-0

[Event "The Sixth Jerusalem Open"]
[Site "SchemingMind.com"]
[Date "2013.11.24"]
[Round "-"]
[White "clario"]
[Black "Arcenio Acacio"]
[Result "1-0"]
[WhiteCountry "RSA"]
[BlackCountry "VEN"]
[WhiteElo "2097"]
[WhiteRD "87"]
[BlackElo "1764"]
[BlackRD "97"]
[GameID "342545"]

1. d4 d5 2. c4 dxc4 3. e3 Nf6 4. Bxc4 e6 5. Nf3 Be7 6. O-O O-O 7. Nc3 b6 8. e4 Ba6 9. Bxa6 Nxa6 10. Bf4 c5
11. Qe2 cxd4 12. Rfd1 Nc5 13. Rxd4 Qe8 14. e5 Nd5 15. Nxd5 exd5 16. Rxd5 Qc6 17. Rdd1 Ne6 18. Be3 Bc5 19. Rac1 Qa4 20. b3 Qa3
21. Bxc5 Nxc5 22. Nd4 Rfe8 23. f4 Rad8 24. Nb5 Rxd1+ 25. Rxd1 Qa5 26. Nc7 Rf8 27. f5 Qc3 28. e6 fxe6 29. fxe6 Nxb3 30. e7 Qc5+
31. Kh1 Qxc7 32. Qe6+
1-0

[Event "The Sixth Jerusalem Open"]
[Site "SchemingMind.com"]
[Date "2013.11.29"]
[Round "-"]
[White "reptile"]
[Black "clario"]
[Result "0-1"]
[WhiteCountry "ISR"]
[BlackCountry "RSA"]
[WhiteElo "2099"]
[WhiteRD "106"]
[BlackElo "1957"]
[BlackRD "83"]
[GameID "342546"]

1. e4 c5 2. Nf3 Nc6 3. d4 cxd4 4. Nxd4 Qb6 5. Nb3 e6 6. Bd3 Bb4+ 7. N1d2 Nf6 8. O-O O-O 9. Nc4 Qc7 10. Bg5 Be7
11. Qf3 d6 12. Rad1 Nb4 13. a3 Nxd3 14. Qxd3 b6 15. Ne3 Bb7 16. f3 Rfd8 17. c4 Ba6 18. Nd4 Rac8 19. b3 d5 20. exd5 exd5
21. Qe2 dxc4 22. Ndf5 Rxd1 23. Rxd1 Re8 24. Qc2 h6 25. Bxf6 Bxf6 26. Nxc4 Rc8 27. Qe4 Bxc4 28. bxc4 Qc5+ 29. Kh1 Qxc4 30. Ne7+ Bxe7
31. Qxe7 Qd5 32. Re1 a6 33. Qe3 b5 34. h3 Rc2 35. Re2 Rxe2 36. Qxe2 Qc5 37. Qd3 Qc4 38. Qd8+ Kh7 39. Qa5 Qa4 40. Qc3 a5
41. Qd3+ g6 42. Kg1 b4 43. Qd5 Qe8 44. Kf2 Qe6 45. Qxa5 Qa2+ 46. Kg3 bxa3 47. h4 Qb2 48. h5 a2 49. hxg6+ Kxg6 50. Qa6+ Kh7
0-1

[Event "The Sixth Jerusalem Open"]
[Site "SchemingMind.com"]
[Date "2013.11.29"]
[Round "-"]
[White "brankat"]
[Black "clario"]
[Result "1/2-1/2"]
[WhiteCountry "CAN"]
[BlackCountry "RSA"]
[WhiteElo "2059"]
[WhiteRD "102"]
[BlackElo "1923"]
[BlackRD "73"]
[GameID "342547"]

1. e4 c5 2. Nf3 Nc6 3. d4 cxd4 4. Nxd4 e5 5. Nb5 d6 6. N1c3 a6 7. Na3 Nf6 8. Bg5 Be7 9. Nc4 Nd4 10. Bxf6 Bxf6
11. Nd5 O-O 12. c3 Nc6 13. Ndb6 Rb8 14. Nxc8 Rxc8 15. Nxd6 Rc7 16. Nf5 Rd7 17. Qc2 Bg5 18. Ne3 Bxe3 19. fxe3 Qb6 20. Qf2 Nb4
21. a3 Nd3+ 22. Bxd3 Rxd3 23. O-O Qxe3 24. Qxe3 Rxe3 25. Rae1 Rd3=
1/2-1/2

[Event "The Sixth Jerusalem Open"]
[Site "SchemingMind.com"]
[Date "2013.11.29"]
[Round "-"]
[White "black cloud"]
[Black "clario"]
[Result "1-0"]
[WhiteCountry "ENG"]
[BlackCountry "RSA"]
[WhiteElo "1904"]
[WhiteRD "87"]
[BlackElo "1923"]
[BlackRD "73"]
[GameID "342548"]

1. Nf3 d5 2. g3 Nf6 3. Bg2 e6 4. d3 Be7 5. O-O O-O 6. Nbd2 Nc6 7. e4 a5 8. e5 Ng4 9. d4 a4 10. a3 Nh6
11. Re1 Nf5 12. Nf1 Na5 13. Ne3 Nxe3 14. Bxe3 Nc4 15. Bc1 b6 16. b3 axb3 17. cxb3 Na5 18. h4 c5 19. dxc5 bxc5 20. Bg5 Bxg5
21. Nxg5 h6 22. Nh3 Rb8 23. b4 cxb4 24. axb4 Rxb4 25. Qd2 Qb6 26. Qa2 Nc6 27. Rab1 Rxb1 28. Rxb1 Qd4 29. Rc1 Bd7 30. Nf4
1-0

[Event "The Sixth Jerusalem Open"]
[Site "SchemingMind.com"]
[Date "2013.11.29"]
[Round "-"]
[White "NYNH"]
[Black "clario"]
[Result "0-1"]
[WhiteCountry "USA"]
[BlackCountry "RSA"]
[WhiteElo "1989"]
[WhiteRD "71"]
[BlackElo "2097"]
[BlackRD "87"]
[GameID "342549"]

1. d4 d5 2. Nf3 Nf6 3. c4 e6 4. g3 dxc4 5. Bg2 Bb4+ 6. Bd2 a5 7. O-O O-O 8. Bg5 h6 9. Bxf6 Qxf6 10. Qc2 Rd8
11. Qxc4 c6 12. a3 Be7 13. Nc3 Qf5 14. e4 Qh5 15. Rad1 b5 16. Qb3 b4 17. Na4 Qb5 18. Rfe1 bxa3 19. Qxb5 cxb5 20. Nb6 Ra6
21. Nxc8 Rxc8 22. bxa3 Bxa3 23. d5 Bb2 24. dxe6 fxe6 25. Rb1 Bc3 26. Rec1 b4 27. Nd4 Rd8 28. Nb5 Bd2 29. Rc7 a4 30. e5 a3
31. Rc2 b3 32. Rc7 a2
0-1

[Event "The Sixth Jerusalem Open"]
[Site "SchemingMind.com"]
[Date "2013.11.24"]
[Round "-"]
[White "fanfan_la_Tulipe"]
[Black "clario"]
[Result "1/2-1/2"]
[WhiteCountry "AUT"]
[BlackCountry "RSA"]
[WhiteElo "2059"]
[WhiteRD "70"]
[BlackElo "1961"]
[BlackRD "87"]
[GameID "342550"]

1. Nf3 d5 2. c4 e6 3. g3 Nf6 4. Bg2 Nc6 5. O-O Be7 6. d4 dxc4 7. Qa4 O-O 8. Qxc4 Qd5 9. Qxd5 Nxd5 10. a3 Rd8
11. e4 Nb6 12. Be3 Nc4 13. b4 a5 14. b5 Na7 15. a4 c6 16. bxc6 Nxc6 17. Nc3 Nxe3 18. fxe3 b6 19. Rfc1 Ba6 20. Bf1 Bb7
21. Nd2 Ne5 22. Nc4 Nxc4 23. Bxc4 Rac8 24. Bd3 Bb4 25. Nd1 e5 26. Rxc8 Rxc8 27. Kf2 Rd8 28. d5 f5 29. exf5 Bxd5 30. e4 Bc6
31. Ke2 Rd4 32. Nf2 Bc5 33. Ng4 Bd6 34. Bc2 Bxe4 35. Bxe4 Rxe4+ 36. Kf3 Rb4 37. Nf2 Kf7 38. Ne4 Be7 39. Ra2 Rb3+ 40. Ke2 Ra3
41. Rxa3 Bxa3 42. Kd3 g6 43. g4 gxf5 44. gxf5 Kg7 45. Kc4 Bb2 46. Kd5 h5 47. Ke6 h4 48. f6+ Kf8 49. Ng5 Kg8 50. f7+ Kg7
51. Nf3 e4 52. Nxh4 Ba3 53. Nf5+ Kf8 54. h4 Bc5 55. h5 e3 56. Ng3 Kg7 57. Nf5+=
1/2-1/2

[Event "The Sixth Jerusalem Open"]
[Site "SchemingMind.com"]
[Date "2013.11.29"]
[Round "-"]
[White "Arcenio Acacio"]
[Black "clario"]
[Result "0-1"]
[WhiteCountry "VEN"]
[BlackCountry "RSA"]
[WhiteElo "1757"]
[WhiteRD "100"]
[BlackElo "1923"]
[BlackRD "73"]
[GameID "342552"]

1. e4 c5 2. Nf3 Nc6 3. Bb5 Nf6 4. O-O Nxe4 5. Bxc6 dxc6 6. Re1 Nf6 7. Nc3 Bf5 8. d3 e6 9. Bg5 h6 10. Bf4 Be7
11. Nh4 Bg4 12. Nf3 Nd5 13. h3 Nxf4 14. hxg4 h5 15. gxh5 Qc7 16. Ne5 Rxh5 17. Qf3 Rxe5 18. Rxe5 Qxe5 19. g3 Nd5 20. Kg2 Nxc3
21. bxc3 Bf6 22. d4 cxd4 23. cxd4 Qxd4 24. Rd1 Qc5 25. Qd3 Rd8 26. Qe2 Rxd1 27. Qxd1 Qd5+ 28. Qxd5 cxd5 29. f4 Kd7 30. Kf3 Kc6
31. g4 g5 32. fxg5 Bxg5 33. a3 e5 34. c3 Kc5
0-1